Nueva geografía universal

Gespeichert in:
Bibliographische Detailangaben
1. Verfasser: Dantin Cereceda, Juan Izquierdo Croselles, Juan
Weitere Verfasser: Granger, Ernesto
Format: keine Angabe
Sprache:Spanisch
Erschienen: Madrid Espasa Calpe 1928, 1929
Katalog:MANES:  Suchergebnis im Bibliothekskatalog
Schulbuchspezifische Eigenschaften:
Tags: Tag hinzufügen
Keine Tags, Fügen Sie den ersten Tag hinzu!
Hinzugefügt zu:26.04.2016
Geändert in:30.01.2026

MARC

LEADER 000000000a22000000004500
001 35005
003 OSt
005 20260130100118.0
008 160427s sp ||||| |||| 00| 0 spa d
040 |a manes  |c manes 
041 |a Español 
100 1 |a Dantin Cereceda, Juan  |9 17803  |a Izquierdo Croselles, Juan  |9 20580 
690 |a GEO 
700 1 |a Granger, Ernesto  |9 20579 
245 0 0 |a Nueva geografía universal 
260 3 |a Madrid  |b Espasa Calpe  |c 1928, 1929 
300 |c 32 cm 
330 |a 3 v. 
500 |a Signatura: JE10/8. Enc. editorial en tela roja. Sólo el t.III. Los CCPB000506062 y CCPB000513752 probablemente describan la misma edición de esta obra.  |a Signatura: SJ/174-175. Enc. ed. en tela. Legado José María Igual. Falta el T. III. 
691 0 |a SE 
942 |2 ddc  |c BK 
546 |a España 
999 |c 42003  |d 42003 
999 |c manes:42003  |d 42003